Estatísticas para Países europeus pelas primeiras 2 letras

Clique aqui para jogar o quiz

Estatísticas Gerais

  • Esse quiz foi jogado 1 591 vezes
  • A pontuação média é 30 de 45

Respostas no mapa

Respostas codificadas por cores de uma escala verde-vermelha no mapa do quiz de acordo com a % correta abaixo.
 

Estatísticas das Respostas

country% Correto
Eslováquia
94%
Eslovénia
94%
Espanha
94%
Estônia
94%
Albânia
91%
Alemanha
91%
Polônia
91%
Portugal
91%
França
90%
Reino Unido
88%
Itália
87%
Suécia
85%
Suíça
85%
Irlanda
82%
Noruega
80%
Rússia
79%
Finlândia
77%
Islândia
74%
Tcheca
74%
Bélgica
73%
Liechtenstein
69%
Lituânia
69%
Moldávia
65%
Mônaco
65%
Montenegro
65%
Ucrânia
64%
Dinamarca
62%
Grécia
59%
Países Baixos
56%
Letónia
55%
Macedónia
54%
Malta
54%
Áustria
53%
Bielorrússia
50%
Luxemburgo
50%
Andorra
49%
Vaticano
48%
Romênia
47%
Croácia
46%
Bulgária
41%
Sérvia
40%
Bósnia e
Herzegovina
39%
San Marino
39%
Hungria
37%
Kosovo
34%

Distribuição das Pontuações

Percentil de Números Respondidos

Porcentagem de Pessoas com Cada Pontuação

Sua Pontuação Histórica

Você não jogou esse quiz